Nommez une capitale asiatique valide - Statistiques

Statistiques générales
  • Ce quiz a été pris 146 fois
    134 depuis la dernière actualisation
  • Le résultat moyen est 12 sur 19
Statistiques - réponses
Nommez une capitale asiatique qui ... Capitales % Correct
a accueilli les Jeux Olympiques d'été Pékin | Séoul | Tokyo
99%
est la capitale d'un pays méditerranéen Ankara | Beyrouth | Damas | Jérusalem | Nicosie
88%
est sur une île Bandar Seri Begawan | Dili | Jakarta | Manama | Malé | Manille | Nicosie | Singapour | Sri Jayawardenepura Kotte | Taipei | Tokyo
87%
est la capitale d'un pays limitrophe du Cambodge Bangkok | Hanoï | Vientiane
84%
est la capitale d'un pays en "-stan" Achgabat | Astana | Bichkek | Douchanbé | Islamabad | Kaboul | Tachkent
83%
a une altitude supérieure à 1400m Kaboul | Katmandou | Sanaa | Thimphou
78%
contient 3 mots dans son nom Bandar Seri Begawan | Sri Jayawardenepura Kotte
71%
est à plus de 1100 km de toute autre autre capitale mondiale Bandar Seri Begawan | Dili | Manille | Taipei | Tokyo | Oulan-Bator
69%
est au sud de l'équateur Dili | Jakarta
67%
contient la lettre C Mascate | Nicosie | Douchanbé
61%
a une température moyenne journalière d'au moins d'au moins 33ºC Abou Dabi | Koweït | Mascate | Riyad | Bangkok
58%
a accueilli plus de 13 millions de touristes en 2019 Bangkok | Singapour | Kuala Lumpur
55%
est l'une des trois dernières capitales asiatiques dans l'ordre alphabétique Thimphou | Vientiane | Tokyo
54%
se trouve à moins de 500 km de la mer Caspienne Achgabat | Bakou | Tbilissi | Téhéran | Erevan
46%
est devinée dans moins de 30% des cas au « Capitales d'Asie - Quiz » Achgabat | Thimphou | Naypyidaw | Sri Jayawardenepura Kotte | Douchanbé | Bandar Seri Begawan
46%
se trouve sur le Mékong Phnom Penh | Vientiane
46%
reçoit 10 cm ou moins de précipitations annuelles Abou Dabi | Manama | Doha | Mascate
40%
contiennent deux fois la lettre Y Naypyidaw | Pyongyang
38%
compte entre 3 et 4 millions d'habitants dans sa zone d'agglomération Amman | Damas | Hanoï | Kaboul
22%
Aucun quiz correspondant
Distribution des résultats
% des personnes avec chaque résultat
Percentile par nombre de réponses
Votre historique - résultats
Vous n’avez pas pris ce quiz depuis la dernière actualisation